<?xml version="1.0" encoding="UTF-8"?>
<collection xmlns="http://www.loc.gov/MARC21/slim">
 <record>
  <leader>21107nas a22017651  4500</leader>
  <controlfield tag="001">1/50324</controlfield>
  <controlfield tag="008">020826c19459999gr bxzp           g0gre d</controlfield>
  <datafield tag="035" ind1=" " ind2=" ">
   <subfield code="l">23946</subfield>
  </datafield>
  <datafield tag="040" ind1=" " ind2=" ">
   <subfield code="a">GR-PeUP</subfield>
  </datafield>
  <datafield tag="090" ind1=" " ind2=" ">
   <subfield code="a">Αλφαβητική σειρά</subfield>
  </datafield>
  <datafield tag="245" ind1="0" ind2="0">
   <subfield code="a">Αγροτικός συνεργατισμός</subfield>
  </datafield>
  <datafield tag="260" ind1=" " ind2=" ">
   <subfield code="a">Αθήνα :</subfield>
   <subfield code="b">Καραμίχας, Τζανέτος,</subfield>
   <subfield code="c">[1945]-</subfield>
  </datafield>
  <datafield tag="300" ind1=" " ind2=" ">
   <subfield code="a">τ. ;</subfield>
   <subfield code="c">29 εκ.</subfield>
  </datafield>
  <datafield tag="310" ind1=" " ind2=" ">
   <subfield code="a">Μηνιαίο</subfield>
  </datafield>
  <datafield tag="362" ind1="0" ind2=" ">
   <subfield code="a">Τομ. 34, τχ.2 (Φεβρ. 1979) - τ. 55, τχ. 14-15 (Μάρτ.-Απρίλ. 2001)</subfield>
  </datafield>
  <datafield tag="362" ind1="0" ind2=" ">
   <subfield code="a">Τομ. 56, τχ. 1(Αύγ. 2002) - τ. 57, τχ. 16 (Δεκ. 2003)</subfield>
  </datafield>
  <datafield tag="362" ind1="0" ind2=" ">
   <subfield code="a">Τομ. 58, τχ. 17(Ιαν. 2004)-</subfield>
  </datafield>
  <datafield tag="546" ind1=" " ind2=" ">
   <subfield code="a">Ελληνική</subfield>
  </datafield>
  <datafield tag="650" ind1=" " ind2="4">
   <subfield code="a">Αγροτικοί συνεταιρισμοί</subfield>
   <subfield code="v">Περιοδικά.</subfield>
  </datafield>
  <datafield tag="852" ind1=" " ind2=" ">
   <subfield code="a">INST</subfield>
   <subfield code="b">UNIPILB</subfield>
   <subfield code="c">SERIALS</subfield>
   <subfield code="e">20050120</subfield>
   <subfield code="h">Αλφαβητική σειρά</subfield>
   <subfield code="p">39087</subfield>
   <subfield code="q">39087</subfield>
   <subfield code="t">NOLOAN</subfield>
   <subfield code="v">τομ.58;τεύχ.17:(Μήνας)Ιανουάριος;(Έτος)2004</subfield>
   <subfield code="y">23</subfield>
  </datafield>
  <datafield tag="852" ind1=" " ind2=" ">
   <subfield code="a">INST</subfield>
   <subfield code="b">UNIPILB</subfield>
   <subfield code="c">SERIALS</subfield>
   <subfield code="e">20050120</subfield>
   <subfield code="h">Αλφαβητική σειρά</subfield>
   <subfield code="p">39088</subfield>
   <subfield code="q">39088</subfield>
   <subfield code="t">NOLOAN</subfield>
   <subfield code="v">τομ.58;τεύχ.18:(Μήνας)Φεβρουάριος;(Έτος)2004</subfield>
   <subfield code="y">23</subfield>
  </datafield>
  <datafield tag="852" ind1=" " ind2=" ">
   <subfield code="a">INST</subfield>
   <subfield code="b">UNIPILB</subfield>
   <subfield code="c">SERIALS</subfield>
   <subfield code="e">20050120</subfield>
   <subfield code="h">Αλφαβητική σειρά</subfield>
   <subfield code="p">39089</subfield>
   <subfield code="q">39089</subfield>
   <subfield code="t">NOLOAN</subfield>
   <subfield code="v">τομ.58;τεύχ.19:(Μήνας)Μάρτιος;(Έτος)2004</subfield>
   <subfield code="y">23</subfield>
  </datafield>
  <datafield tag="852" ind1=" " ind2=" ">
   <subfield code="a">INST</subfield>
   <subfield code="b">UNIPILB</subfield>
   <subfield code="c">SERIALS</subfield>
   <subfield code="e">20050120</subfield>
   <subfield code="h">Αλφαβητική σειρά</subfield>
   <subfield code="p">39090</subfield>
   <subfield code="q">39090</subfield>
   <subfield code="t">NOLOAN</subfield>
   <subfield code="v">τομ.58;τεύχ.20:(Μήνας)Απρίλιος;(Έτος)2004</subfield>
   <subfield code="y">23</subfield>
  </datafield>
  <datafield tag="852" ind1=" " ind2=" ">
   <subfield code="a">INST</subfield>
   <subfield code="b">UNIPILB</subfield>
   <subfield code="c">SERIALS</subfield>
   <subfield code="e">20050120</subfield>
   <subfield code="h">Αλφαβητική σειρά</subfield>
   <subfield code="p">39091</subfield>
   <subfield code="q">39091</subfield>
   <subfield code="t">NOLOAN</subfield>
   <subfield code="v">τομ.58;τεύχ.21:(Μήνας)Μάιος;(Έτος)2004</subfield>
   <subfield code="y">23</subfield>
  </datafield>
  <datafield tag="852" ind1=" " ind2=" ">
   <subfield code="a">INST</subfield>
   <subfield code="b">UNIPILB</subfield>
   <subfield code="c">SERIALS</subfield>
   <subfield code="e">20050120</subfield>
   <subfield code="h">Αλφαβητική σειρά</subfield>
   <subfield code="p">39092</subfield>
   <subfield code="q">39092</subfield>
   <subfield code="t">NOLOAN</subfield>
   <subfield code="v">τομ.58;τεύχ.22:(Μήνας)Ιούνιος;(Έτος)2004</subfield>
   <subfield code="y">23</subfield>
  </datafield>
  <datafield tag="852" ind1=" " ind2=" ">
   <subfield code="a">INST</subfield>
   <subfield code="b">UNIPILB</subfield>
   <subfield code="c">SERIALS</subfield>
   <subfield code="e">20050120</subfield>
   <subfield code="h">Αλφαβητική σειρά</subfield>
   <subfield code="p">39093</subfield>
   <subfield code="q">39093</subfield>
   <subfield code="t">NOLOAN</subfield>
   <subfield code="v">τομ.59;τεύχ.23:(Μήνες)Ιούλ./Αύγ.;(Έτος)2004</subfield>
   <subfield code="y">23</subfield>
  </datafield>
  <datafield tag="852" ind1=" " ind2=" ">
   <subfield code="a">INST</subfield>
   <subfield code="b">UNIPILB</subfield>
   <subfield code="c">SERIALS</subfield>
   <subfield code="e">20050120</subfield>
   <subfield code="h">Αλφαβητική σειρά</subfield>
   <subfield code="p">39094</subfield>
   <subfield code="q">39094</subfield>
   <subfield code="t">NOLOAN</subfield>
   <subfield code="v">τομ.59;τεύχ.24:(Μήνας)Σεπτέμβριος;(Έτος)2004</subfield>
   <subfield code="y">23</subfield>
  </datafield>
  <datafield tag="852" ind1=" " ind2=" ">
   <subfield code="a">INST</subfield>
   <subfield code="b">UNIPILB</subfield>
   <subfield code="c">SERIALS</subfield>
   <subfield code="e">20050120</subfield>
   <subfield code="h">Αλφαβητική σειρά</subfield>
   <subfield code="p">39095</subfield>
   <subfield code="q">39095</subfield>
   <subfield code="t">NOLOAN</subfield>
   <subfield code="v">τομ.59;τεύχ.25:(Μήνας)Οκτώβριος;(Έτος)2004</subfield>
   <subfield code="y">23</subfield>
  </datafield>
  <datafield tag="852" ind1=" " ind2=" ">
   <subfield code="a">INST</subfield>
   <subfield code="b">UNIPILB</subfield>
   <subfield code="c">SERIALS</subfield>
   <subfield code="e">20050120</subfield>
   <subfield code="h">Αλφαβητική σειρά</subfield>
   <subfield code="p">39096</subfield>
   <subfield code="q">39096</subfield>
   <subfield code="t">NOLOAN</subfield>
   <subfield code="v">τομ.59;τεύχ.26:(Μήνας)Νοέμβριος;(Έτος)2004</subfield>
   <subfield code="y">23</subfield>
  </datafield>
  <datafield tag="852" ind1=" " ind2=" ">
   <subfield code="a">INST</subfield>
   <subfield code="b">UNIPILB</subfield>
   <subfield code="c">SERIALS</subfield>
   <subfield code="e">20050120</subfield>
   <subfield code="h">Αλφαβητική σειρά</subfield>
   <subfield code="p">39098</subfield>
   <subfield code="q">39098</subfield>
   <subfield code="t">NOLOAN</subfield>
   <subfield code="v">τομ.59;τεύχ.27:(Μήνας)Δεκέμβριος;(Έτος)2004</subfield>
   <subfield code="y">23</subfield>
  </datafield>
  <datafield tag="852" ind1=" " ind2=" ">
   <subfield code="a">INST</subfield>
   <subfield code="b">UNIPILB</subfield>
   <subfield code="c">SERIALS</subfield>
   <subfield code="e">20050120</subfield>
   <subfield code="h">Αλφαβητική σειρά</subfield>
   <subfield code="p">39099</subfield>
   <subfield code="q">39099</subfield>
   <subfield code="t">NOLOAN</subfield>
   <subfield code="v">τομ.59;τεύχ.28:(Μήνας)Ιανουάριος;(Έτος)2005</subfield>
   <subfield code="y">23</subfield>
  </datafield>
  <datafield tag="852" ind1=" " ind2=" ">
   <subfield code="a">INST</subfield>
   <subfield code="b">UNIPILB</subfield>
   <subfield code="c">SERIALS</subfield>
   <subfield code="e">20050228</subfield>
   <subfield code="h">Αλφαβητική σειρά</subfield>
   <subfield code="p">40636</subfield>
   <subfield code="q">40636</subfield>
   <subfield code="t">NOLOAN</subfield>
   <subfield code="v">τομ.59;τεύχ.29:(Μήνας)Φεβρουάριος;(Έτος)2005</subfield>
   <subfield code="y">23</subfield>
  </datafield>
  <datafield tag="852" ind1=" " ind2=" ">
   <subfield code="a">INST</subfield>
   <subfield code="b">UNIPILB</subfield>
   <subfield code="c">SERIALS</subfield>
   <subfield code="e">20050322</subfield>
   <subfield code="h">Αλφαβητική σειρά</subfield>
   <subfield code="p">41555</subfield>
   <subfield code="q">41555</subfield>
   <subfield code="t">NOLOAN</subfield>
   <subfield code="v">τομ.59;τεύχ.30:(Μήνας)Μάρτιος;(Έτος)2005</subfield>
   <subfield code="y">23</subfield>
  </datafield>
  <datafield tag="852" ind1=" " ind2=" ">
   <subfield code="a">INST</subfield>
   <subfield code="b">UNIPILB</subfield>
   <subfield code="c">SERIALS</subfield>
   <subfield code="e">20050414</subfield>
   <subfield code="h">Αλφαβητική σειρά</subfield>
   <subfield code="p">42502</subfield>
   <subfield code="q">42502</subfield>
   <subfield code="t">NOLOAN</subfield>
   <subfield code="v">τομ.59;τεύχ.31:(Μήνας)Απρίλιος;(Έτος)2005</subfield>
   <subfield code="y">23</subfield>
  </datafield>
  <datafield tag="852" ind1=" " ind2=" ">
   <subfield code="a">INST</subfield>
   <subfield code="b">UNIPILB</subfield>
   <subfield code="c">SERIALS</subfield>
   <subfield code="e">20050519</subfield>
   <subfield code="h">Αλφαβητική σειρά</subfield>
   <subfield code="p">43317</subfield>
   <subfield code="q">43317</subfield>
   <subfield code="t">NOLOAN</subfield>
   <subfield code="v">τομ.59;τεύχ.32:(Μήνας)Μάιος;(Έτος)2005</subfield>
   <subfield code="y">23</subfield>
  </datafield>
  <datafield tag="852" ind1=" " ind2=" ">
   <subfield code="a">INST</subfield>
   <subfield code="b">UNIPILB</subfield>
   <subfield code="c">SERIALS</subfield>
   <subfield code="e">20050623</subfield>
   <subfield code="h">Αλφαβητική σειρά</subfield>
   <subfield code="p">44217</subfield>
   <subfield code="q">44217</subfield>
   <subfield code="t">NOLOAN</subfield>
   <subfield code="v">τομ.59;τεύχ.33:(Μήνας)Ιούνιος;(Έτος)2005</subfield>
   <subfield code="y">23</subfield>
  </datafield>
  <datafield tag="852" ind1=" " ind2=" ">
   <subfield code="a">INST</subfield>
   <subfield code="b">UNIPILB</subfield>
   <subfield code="c">SERIALS</subfield>
   <subfield code="e">20050823</subfield>
   <subfield code="h">Αλφαβητική σειρά</subfield>
   <subfield code="p">45362</subfield>
   <subfield code="q">45362</subfield>
   <subfield code="t">NOLOAN</subfield>
   <subfield code="v">τομ.59;τεύχ.34:(Μήνας)Ιούλιος;(Έτος)2005</subfield>
   <subfield code="y">23</subfield>
  </datafield>
  <datafield tag="852" ind1=" " ind2=" ">
   <subfield code="a">INST</subfield>
   <subfield code="b">UNIPILB</subfield>
   <subfield code="c">SERIALS</subfield>
   <subfield code="e">20051031</subfield>
   <subfield code="h">Αλφαβητική σειρά</subfield>
   <subfield code="p">47989</subfield>
   <subfield code="q">47989</subfield>
   <subfield code="t">NOLOAN</subfield>
   <subfield code="v">τομ.59;τεύχ.36:(Μήνας)Οκτώβριος;(Έτος)2005</subfield>
   <subfield code="y">23</subfield>
  </datafield>
  <datafield tag="852" ind1=" " ind2=" ">
   <subfield code="a">INST</subfield>
   <subfield code="b">UNIPILB</subfield>
   <subfield code="c">SERIALS</subfield>
   <subfield code="e">20051128</subfield>
   <subfield code="h">Αλφαβητική σειρά</subfield>
   <subfield code="p">48788</subfield>
   <subfield code="q">48788</subfield>
   <subfield code="t">NOLOAN</subfield>
   <subfield code="v">τομ.59;τεύχ.37:(Μήνας)Νοέμβριος;(Έτος)2005</subfield>
   <subfield code="y">23</subfield>
  </datafield>
  <datafield tag="852" ind1=" " ind2=" ">
   <subfield code="a">INST</subfield>
   <subfield code="b">UNIPILB</subfield>
   <subfield code="c">SERIALS</subfield>
   <subfield code="e">20060110</subfield>
   <subfield code="h">Αλφαβητική σειρά</subfield>
   <subfield code="p">49328</subfield>
   <subfield code="q">49328</subfield>
   <subfield code="t">NOLOAN</subfield>
   <subfield code="v">τομ.59;τεύχ.38:(Μήνας)Δεκέμβριος;(Έτος)2005</subfield>
   <subfield code="y">23</subfield>
  </datafield>
  <datafield tag="852" ind1=" " ind2=" ">
   <subfield code="a">INST</subfield>
   <subfield code="b">UNIPILB</subfield>
   <subfield code="c">SERIALS</subfield>
   <subfield code="e">20060216</subfield>
   <subfield code="h">Αλφαβητική σειρά</subfield>
   <subfield code="p">50446</subfield>
   <subfield code="q">50446</subfield>
   <subfield code="t">NOLOAN</subfield>
   <subfield code="v">τομ.60;τεύχ.39:(Μήνας)Ιανουάριος;(Έτος)2006</subfield>
   <subfield code="y">23</subfield>
  </datafield>
  <datafield tag="852" ind1=" " ind2=" ">
   <subfield code="a">INST</subfield>
   <subfield code="b">UNIPILB</subfield>
   <subfield code="c">SERIALS</subfield>
   <subfield code="e">20060313</subfield>
   <subfield code="h">Αλφαβητική σειρά</subfield>
   <subfield code="p">50761</subfield>
   <subfield code="q">50761</subfield>
   <subfield code="t">NOLOAN</subfield>
   <subfield code="v">τομ.60;τεύχ.40:(Μήνας)Φεβρουάριος;(Έτος)2006</subfield>
   <subfield code="y">23</subfield>
  </datafield>
  <datafield tag="852" ind1=" " ind2=" ">
   <subfield code="a">INST</subfield>
   <subfield code="b">UNIPILB</subfield>
   <subfield code="c">SERIALS</subfield>
   <subfield code="e">20060712</subfield>
   <subfield code="h">Αλφαβητική σειρά</subfield>
   <subfield code="p">51924</subfield>
   <subfield code="q">51924</subfield>
   <subfield code="t">NOLOAN</subfield>
   <subfield code="v">τομ.60;τεύχ.43:(Μήνας)Μάιος;(Έτος)2006</subfield>
   <subfield code="y">23</subfield>
  </datafield>
  <datafield tag="852" ind1=" " ind2=" ">
   <subfield code="a">INST</subfield>
   <subfield code="b">UNIPILB</subfield>
   <subfield code="c">SERIALS</subfield>
   <subfield code="e">20060712</subfield>
   <subfield code="h">Αλφαβητική σειρά</subfield>
   <subfield code="p">51925</subfield>
   <subfield code="q">51925</subfield>
   <subfield code="t">NOLOAN</subfield>
   <subfield code="v">τομ.60;τεύχ.44:(Μήνας)Ιούνιος;(Έτος)2006</subfield>
   <subfield code="y">23</subfield>
  </datafield>
  <datafield tag="852" ind1=" " ind2=" ">
   <subfield code="a">INST</subfield>
   <subfield code="b">UNIPILB</subfield>
   <subfield code="c">SERIALS</subfield>
   <subfield code="e">20060824</subfield>
   <subfield code="h">Αλφαβητική σειρά</subfield>
   <subfield code="p">52401</subfield>
   <subfield code="q">52401</subfield>
   <subfield code="t">NOLOAN</subfield>
   <subfield code="v">τομ.60;τεύχ.45:(Μήνας)Ιούλιος;(Έτος)2006</subfield>
   <subfield code="y">23</subfield>
  </datafield>
  <datafield tag="852" ind1=" " ind2=" ">
   <subfield code="a">INST</subfield>
   <subfield code="b">UNIPILB</subfield>
   <subfield code="c">SERIALS</subfield>
   <subfield code="e">20061009</subfield>
   <subfield code="h">Αλφαβητική σειρά</subfield>
   <subfield code="p">53035</subfield>
   <subfield code="q">53035</subfield>
   <subfield code="t">NOLOAN</subfield>
   <subfield code="v">τομ.60;τεύχ.46:(Μήνας)Σεπτέμβριος;(Έτος)2006</subfield>
   <subfield code="y">23</subfield>
  </datafield>
  <datafield tag="852" ind1=" " ind2=" ">
   <subfield code="a">INST</subfield>
   <subfield code="b">UNIPILB</subfield>
   <subfield code="c">SERIALS</subfield>
   <subfield code="e">20061113</subfield>
   <subfield code="h">Αλφαβητική σειρά</subfield>
   <subfield code="p">53544</subfield>
   <subfield code="q">53544</subfield>
   <subfield code="t">NOLOAN</subfield>
   <subfield code="v">τομ.60;τεύχ.47:(Μήνας)Οκτώβριος;(Έτος)2006</subfield>
   <subfield code="y">23</subfield>
  </datafield>
  <datafield tag="852" ind1=" " ind2=" ">
   <subfield code="a">INST</subfield>
   <subfield code="b">UNIPILB</subfield>
   <subfield code="c">SERIALS</subfield>
   <subfield code="e">20061204</subfield>
   <subfield code="h">Αλφαβητική σειρά</subfield>
   <subfield code="p">53867</subfield>
   <subfield code="q">53867</subfield>
   <subfield code="t">NOLOAN</subfield>
   <subfield code="v">τομ.60;τεύχ.48:(Μήνας)Νοέμβριος;(Έτος)2006</subfield>
   <subfield code="y">23</subfield>
  </datafield>
  <datafield tag="852" ind1=" " ind2=" ">
   <subfield code="a">INST</subfield>
   <subfield code="b">UNIPILB</subfield>
   <subfield code="c">SERIALS</subfield>
   <subfield code="e">20061215</subfield>
   <subfield code="h">Αλφαβητική σειρά</subfield>
   <subfield code="p">53962</subfield>
   <subfield code="q">53962</subfield>
   <subfield code="t">NOLOAN</subfield>
   <subfield code="v">τομ.60;τεύχ.49:(Μήνας)Δεκέμβριος;(Έτος)2006</subfield>
   <subfield code="y">23</subfield>
  </datafield>
  <datafield tag="852" ind1=" " ind2=" ">
   <subfield code="a">INST</subfield>
   <subfield code="b">UNIPILB</subfield>
   <subfield code="c">SERIALS</subfield>
   <subfield code="e">20070213</subfield>
   <subfield code="h">Αλφαβητική σειρά</subfield>
   <subfield code="p">54718</subfield>
   <subfield code="q">54718</subfield>
   <subfield code="t">NOLOAN</subfield>
   <subfield code="v">τομ.61;τεύχ.50:(Μήνας)Ιανουάριος;(Έτος)2007</subfield>
   <subfield code="y">23</subfield>
  </datafield>
  <datafield tag="852" ind1=" " ind2=" ">
   <subfield code="a">INST</subfield>
   <subfield code="b">UNIPILB</subfield>
   <subfield code="c">SERIALS</subfield>
   <subfield code="e">20070419</subfield>
   <subfield code="h">Αλφαβητική σειρά</subfield>
   <subfield code="p">55369</subfield>
   <subfield code="q">55369</subfield>
   <subfield code="t">NOLOAN</subfield>
   <subfield code="v">τομ.61;τεύχ.51:(Μήνας)Φεβρουάριος;(Έτος)2007</subfield>
   <subfield code="y">23</subfield>
  </datafield>
  <datafield tag="852" ind1=" " ind2=" ">
   <subfield code="a">INST</subfield>
   <subfield code="b">UNIPILB</subfield>
   <subfield code="c">SERIALS</subfield>
   <subfield code="e">20070502</subfield>
   <subfield code="h">Αλφαβητική σειρά</subfield>
   <subfield code="p">55536</subfield>
   <subfield code="q">55536</subfield>
   <subfield code="t">NOLOAN</subfield>
   <subfield code="v">τομ.61;τεύχ.52:(Μήνας)Μάρτιος;(Έτος)2007</subfield>
   <subfield code="y">23</subfield>
  </datafield>
  <datafield tag="852" ind1=" " ind2=" ">
   <subfield code="a">INST</subfield>
   <subfield code="b">UNIPILB</subfield>
   <subfield code="c">SERIALS</subfield>
   <subfield code="e">20070521</subfield>
   <subfield code="h">Αλφαβητική σειρά</subfield>
   <subfield code="p">55685</subfield>
   <subfield code="q">55685</subfield>
   <subfield code="t">NOLOAN</subfield>
   <subfield code="v">τομ.61;τεύχ.53:(Μήνας)Απρίλιος;(Έτος)2007</subfield>
   <subfield code="y">23</subfield>
  </datafield>
  <datafield tag="852" ind1=" " ind2=" ">
   <subfield code="a">INST</subfield>
   <subfield code="b">UNIPILB</subfield>
   <subfield code="c">SERIALS</subfield>
   <subfield code="e">20070612</subfield>
   <subfield code="h">Αλφαβητική σειρά</subfield>
   <subfield code="p">55924</subfield>
   <subfield code="q">55924</subfield>
   <subfield code="t">NOLOAN</subfield>
   <subfield code="v">τομ.61;τεύχ.54:(Μήνας)Μάιος;(Έτος)2007</subfield>
   <subfield code="y">23</subfield>
  </datafield>
  <datafield tag="852" ind1=" " ind2=" ">
   <subfield code="a">INST</subfield>
   <subfield code="b">UNIPILB</subfield>
   <subfield code="c">SERIALS</subfield>
   <subfield code="e">20070718</subfield>
   <subfield code="h">Αλφαβητική σειρά</subfield>
   <subfield code="p">56334</subfield>
   <subfield code="q">56334</subfield>
   <subfield code="t">NOLOAN</subfield>
   <subfield code="v">τομ.61;τεύχ.55:(Μήνας)Ιούνιος;(Έτος)2007</subfield>
   <subfield code="y">23</subfield>
  </datafield>
  <datafield tag="852" ind1=" " ind2=" ">
   <subfield code="a">INST</subfield>
   <subfield code="b">UNIPILB</subfield>
   <subfield code="c">SERIALS</subfield>
   <subfield code="e">20071010</subfield>
   <subfield code="h">Αλφαβητική σειρά</subfield>
   <subfield code="p">57507</subfield>
   <subfield code="q">57507</subfield>
   <subfield code="t">NOLOAN</subfield>
   <subfield code="v">τομ.62;τεύχ.56:(Μήνες)Ιούλ./Αύγ.;(Έτος)2007</subfield>
   <subfield code="y">23</subfield>
  </datafield>
  <datafield tag="852" ind1=" " ind2=" ">
   <subfield code="a">INST</subfield>
   <subfield code="b">UNIPILB</subfield>
   <subfield code="c">SERIALS</subfield>
   <subfield code="e">20071019</subfield>
   <subfield code="h">Αλφαβητική σειρά</subfield>
   <subfield code="p">57637</subfield>
   <subfield code="q">57637</subfield>
   <subfield code="t">NOLOAN</subfield>
   <subfield code="v">τομ.61;τεύχ.57:(Μήνας)Σεπτέμβριος;(Έτος)2007</subfield>
   <subfield code="y">23</subfield>
  </datafield>
  <datafield tag="852" ind1=" " ind2=" ">
   <subfield code="a">INST</subfield>
   <subfield code="b">UNIPILB</subfield>
   <subfield code="c">SERIALS</subfield>
   <subfield code="e">20071115</subfield>
   <subfield code="h">Αλφαβητική σειρά</subfield>
   <subfield code="p">58426</subfield>
   <subfield code="q">58426</subfield>
   <subfield code="t">NOLOAN</subfield>
   <subfield code="v">τομ.61;τεύχ.58:(Μήνας)Οκτώβριος;(Έτος)2007</subfield>
   <subfield code="y">23</subfield>
  </datafield>
  <datafield tag="852" ind1=" " ind2=" ">
   <subfield code="a">INST</subfield>
   <subfield code="b">UNIPILB</subfield>
   <subfield code="c">SERIALS</subfield>
   <subfield code="e">20080108</subfield>
   <subfield code="h">Αλφαβητική σειρά</subfield>
   <subfield code="p">59269</subfield>
   <subfield code="q">59269</subfield>
   <subfield code="t">NOLOAN</subfield>
   <subfield code="v">τομ.61;τεύχ.59:(Μήνας)Νοέμβριος;(Έτος)2007</subfield>
   <subfield code="y">23</subfield>
  </datafield>
  <datafield tag="852" ind1=" " ind2=" ">
   <subfield code="a">INST</subfield>
   <subfield code="b">UNIPILB</subfield>
   <subfield code="c">SERIALS</subfield>
   <subfield code="e">20080124</subfield>
   <subfield code="h">Αλφαβητική σειρά</subfield>
   <subfield code="p">59482</subfield>
   <subfield code="q">59482</subfield>
   <subfield code="t">NOLOAN</subfield>
   <subfield code="v">τομ.61;τεύχ.60:(Μήνας)Δεκέμβριος;(Έτος)2007</subfield>
   <subfield code="y">23</subfield>
  </datafield>
  <datafield tag="852" ind1=" " ind2=" ">
   <subfield code="a">INST</subfield>
   <subfield code="b">UNIPILB</subfield>
   <subfield code="c">SERIALS</subfield>
   <subfield code="e">20080215</subfield>
   <subfield code="h">Αλφαβητική σειρά</subfield>
   <subfield code="p">59732</subfield>
   <subfield code="q">59732</subfield>
   <subfield code="t">NOLOAN</subfield>
   <subfield code="v">τομ.62;τεύχ.61:(Μήνας)Ιανουάριος;(Έτος)2008</subfield>
   <subfield code="y">23</subfield>
  </datafield>
  <datafield tag="852" ind1=" " ind2=" ">
   <subfield code="a">INST</subfield>
   <subfield code="b">UNIPILB</subfield>
   <subfield code="c">SERIALS</subfield>
   <subfield code="e">20080409</subfield>
   <subfield code="h">Αλφαβητική σειρά</subfield>
   <subfield code="p">60533</subfield>
   <subfield code="q">60533</subfield>
   <subfield code="t">NOLOAN</subfield>
   <subfield code="v">τομ.62;τεύχ.62:(Μήνας)Φεβρουάριος;(Έτος)2008</subfield>
   <subfield code="y">23</subfield>
  </datafield>
  <datafield tag="852" ind1=" " ind2=" ">
   <subfield code="a">INST</subfield>
   <subfield code="b">UNIPILB</subfield>
   <subfield code="c">SERIALS</subfield>
   <subfield code="e">20080520</subfield>
   <subfield code="h">Αλφαβητική σειρά</subfield>
   <subfield code="p">60619</subfield>
   <subfield code="q">60619</subfield>
   <subfield code="t">NOLOAN</subfield>
   <subfield code="v">τομ.62;τεύχ.63:(Μήνας)Μάρτιος;(Έτος)2008</subfield>
   <subfield code="y">23</subfield>
  </datafield>
  <datafield tag="852" ind1=" " ind2=" ">
   <subfield code="a">INST</subfield>
   <subfield code="b">UNIPILB</subfield>
   <subfield code="c">SERIALS</subfield>
   <subfield code="e">20080530</subfield>
   <subfield code="h">Αλφαβητική σειρά</subfield>
   <subfield code="p">60653</subfield>
   <subfield code="q">60653</subfield>
   <subfield code="t">NOLOAN</subfield>
   <subfield code="v">τομ.62;τεύχ.64:(Μήνας)Απρίλιος;(Έτος)2008</subfield>
   <subfield code="y">23</subfield>
  </datafield>
  <datafield tag="852" ind1=" " ind2=" ">
   <subfield code="a">INST</subfield>
   <subfield code="b">UNIPILB</subfield>
   <subfield code="c">SERIALS</subfield>
   <subfield code="e">20080624</subfield>
   <subfield code="h">Αλφαβητική σειρά</subfield>
   <subfield code="p">60833</subfield>
   <subfield code="q">60833</subfield>
   <subfield code="t">NOLOAN</subfield>
   <subfield code="v">τομ.62;τεύχ.65:(Μήνας)Μάιος;(Έτος)2008</subfield>
   <subfield code="y">23</subfield>
  </datafield>
  <datafield tag="852" ind1=" " ind2=" ">
   <subfield code="a">INST</subfield>
   <subfield code="b">UNIPILB</subfield>
   <subfield code="c">SERIALS</subfield>
   <subfield code="e">20080723</subfield>
   <subfield code="h">Αλφαβητική σειρά</subfield>
   <subfield code="p">61166</subfield>
   <subfield code="q">61166</subfield>
   <subfield code="t">NOLOAN</subfield>
   <subfield code="v">τομ.62;τεύχ.66:(Μήνας)Ιούνιος;(Έτος)2008</subfield>
   <subfield code="y">23</subfield>
  </datafield>
  <datafield tag="852" ind1=" " ind2=" ">
   <subfield code="a">INST</subfield>
   <subfield code="b">UNIPILB</subfield>
   <subfield code="c">SERIALS</subfield>
   <subfield code="e">20080829</subfield>
   <subfield code="h">Αλφαβητική σειρά</subfield>
   <subfield code="p">61318</subfield>
   <subfield code="q">61318</subfield>
   <subfield code="t">NOLOAN</subfield>
   <subfield code="v">τομ.62;τεύχ.67:(Μήνες)Ιούλ./Αύγ.;(Έτος)2008</subfield>
   <subfield code="y">23</subfield>
  </datafield>
  <datafield tag="852" ind1=" " ind2=" ">
   <subfield code="a">INST</subfield>
   <subfield code="b">UNIPILB</subfield>
   <subfield code="c">SERIALS</subfield>
   <subfield code="e">20081007</subfield>
   <subfield code="h">Αλφαβητική σειρά</subfield>
   <subfield code="p">61714</subfield>
   <subfield code="q">61714</subfield>
   <subfield code="t">NOLOAN</subfield>
   <subfield code="v">τομ.62;τεύχ.68:(Μήνας)Σεπτέμβριος;(Έτος)2008</subfield>
   <subfield code="y">23</subfield>
  </datafield>
  <datafield tag="852" ind1=" " ind2=" ">
   <subfield code="a">INST</subfield>
   <subfield code="b">UNIPILB</subfield>
   <subfield code="c">SERIALS</subfield>
   <subfield code="e">20081015</subfield>
   <subfield code="h">Αλφαβητική σειρά</subfield>
   <subfield code="p">61796</subfield>
   <subfield code="q">61796</subfield>
   <subfield code="t">NOLOAN</subfield>
   <subfield code="v">τομ.62;τεύχ.69:(Μήνας)Οκτώβριος;(Έτος)2008</subfield>
   <subfield code="y">23</subfield>
  </datafield>
  <datafield tag="852" ind1=" " ind2=" ">
   <subfield code="a">INST</subfield>
   <subfield code="b">UNIPILB</subfield>
   <subfield code="c">SERIALS</subfield>
   <subfield code="e">20081125</subfield>
   <subfield code="h">Αλφαβητική σειρά</subfield>
   <subfield code="p">62132</subfield>
   <subfield code="q">62132</subfield>
   <subfield code="t">NOLOAN</subfield>
   <subfield code="v">τομ.62;τεύχ.70:(Μήνας)Νοέμβριος;(Έτος)2008</subfield>
   <subfield code="y">23</subfield>
  </datafield>
  <datafield tag="852" ind1=" " ind2=" ">
   <subfield code="a">INST</subfield>
   <subfield code="b">UNIPILB</subfield>
   <subfield code="c">SERIALS</subfield>
   <subfield code="e">20090122</subfield>
   <subfield code="h">Αλφαβητική σειρά</subfield>
   <subfield code="p">62501</subfield>
   <subfield code="q">62501</subfield>
   <subfield code="t">NOLOAN</subfield>
   <subfield code="v">τομ.62;τεύχ.71:(Μήνας)Δεκέμβριος;(Έτος)2008</subfield>
   <subfield code="y">23</subfield>
  </datafield>
  <datafield tag="852" ind1=" " ind2=" ">
   <subfield code="a">INST</subfield>
   <subfield code="b">UNIPILB</subfield>
   <subfield code="c">SERIALS</subfield>
   <subfield code="e">20090225</subfield>
   <subfield code="h">Αλφαβητική σειρά</subfield>
   <subfield code="p">63163</subfield>
   <subfield code="q">63163</subfield>
   <subfield code="t">NOLOAN</subfield>
   <subfield code="v">τομ.63;τεύχ.72:(Μήνας)Ιανουάριος;(Έτος)2009</subfield>
   <subfield code="y">23</subfield>
  </datafield>
  <datafield tag="852" ind1=" " ind2=" ">
   <subfield code="a">INST</subfield>
   <subfield code="b">UNIPILB</subfield>
   <subfield code="c">SERIALS</subfield>
   <subfield code="e">20090225</subfield>
   <subfield code="h">Αλφαβητική σειρά</subfield>
   <subfield code="p">63165</subfield>
   <subfield code="q">63165</subfield>
   <subfield code="t">NOLOAN</subfield>
   <subfield code="v">τομ.63;τεύχ.73:(Μήνας)Φεβρουάριος;(Έτος)2009</subfield>
   <subfield code="y">23</subfield>
  </datafield>
  <datafield tag="852" ind1=" " ind2=" ">
   <subfield code="a">INST</subfield>
   <subfield code="b">UNIPILB</subfield>
   <subfield code="c">SERIALS</subfield>
   <subfield code="e">20090512</subfield>
   <subfield code="h">Αλφαβητική σειρά</subfield>
   <subfield code="p">64047</subfield>
   <subfield code="q">64047</subfield>
   <subfield code="t">NOLOAN</subfield>
   <subfield code="v">τομ.63;τεύχ.74:(Μήνας)Μάρτιος;(Έτος)2009</subfield>
   <subfield code="y">23</subfield>
  </datafield>
  <datafield tag="852" ind1=" " ind2=" ">
   <subfield code="a">INST</subfield>
   <subfield code="b">UNIPILB</subfield>
   <subfield code="c">SERIALS</subfield>
   <subfield code="e">20090512</subfield>
   <subfield code="h">Αλφαβητική σειρά</subfield>
   <subfield code="p">64052</subfield>
   <subfield code="q">64052</subfield>
   <subfield code="t">NOLOAN</subfield>
   <subfield code="v">τομ.63;τεύχ.75:(Μήνας)Απρίλιος;(Έτος)2009</subfield>
   <subfield code="y">23</subfield>
  </datafield>
  <datafield tag="852" ind1=" " ind2=" ">
   <subfield code="a">INST</subfield>
   <subfield code="b">UNIPILB</subfield>
   <subfield code="c">SERIALS</subfield>
   <subfield code="e">20090518</subfield>
   <subfield code="h">Αλφαβητική σειρά</subfield>
   <subfield code="p">64108</subfield>
   <subfield code="q">64108</subfield>
   <subfield code="t">NOLOAN</subfield>
   <subfield code="v">τομ.63;τεύχ.76:(Μήνας)Μάιος;(Έτος)2009</subfield>
   <subfield code="y">23</subfield>
  </datafield>
  <datafield tag="852" ind1=" " ind2=" ">
   <subfield code="a">INST</subfield>
   <subfield code="b">UNIPILB</subfield>
   <subfield code="c">SERIALS</subfield>
   <subfield code="e">20090701</subfield>
   <subfield code="h">Αλφαβητική σειρά</subfield>
   <subfield code="p">64330</subfield>
   <subfield code="q">64330</subfield>
   <subfield code="t">NOLOAN</subfield>
   <subfield code="v">τομ.63;τεύχ.77:(Μήνας)Ιούνιος;(Έτος)2009</subfield>
   <subfield code="y">23</subfield>
  </datafield>
  <datafield tag="852" ind1=" " ind2=" ">
   <subfield code="a">INST</subfield>
   <subfield code="b">UNIPILB</subfield>
   <subfield code="c">SERIALS</subfield>
   <subfield code="e">20090922</subfield>
   <subfield code="h">Αλφαβητική σειρά</subfield>
   <subfield code="p">64711</subfield>
   <subfield code="q">64711</subfield>
   <subfield code="t">NOLOAN</subfield>
   <subfield code="v">τομ.63;τεύχ.78:(Μήνες)Ιούλ./Αύγ.;(Έτος)2009</subfield>
   <subfield code="y">23</subfield>
  </datafield>
  <datafield tag="852" ind1=" " ind2=" ">
   <subfield code="a">INST</subfield>
   <subfield code="b">UNIPILB</subfield>
   <subfield code="c">SERIALS</subfield>
   <subfield code="e">20091005</subfield>
   <subfield code="h">Αλφαβητική σειρά</subfield>
   <subfield code="p">64863</subfield>
   <subfield code="q">64863</subfield>
   <subfield code="t">NOLOAN</subfield>
   <subfield code="v">τομ.63;τεύχ.79:(Μήνας)Σεπτέμβριος;(Έτος)2009</subfield>
   <subfield code="y">23</subfield>
  </datafield>
  <datafield tag="852" ind1=" " ind2=" ">
   <subfield code="a">INST</subfield>
   <subfield code="b">UNIPILB</subfield>
   <subfield code="c">SERIALS</subfield>
   <subfield code="e">20100114</subfield>
   <subfield code="h">Αλφαβητική σειρά</subfield>
   <subfield code="p">66211</subfield>
   <subfield code="q">66211</subfield>
   <subfield code="t">NOLOAN</subfield>
   <subfield code="v">τομ.63;τεύχ.80:(Μήνας)Οκτώβριος;(Έτος)2009</subfield>
   <subfield code="y">23</subfield>
  </datafield>
  <datafield tag="852" ind1=" " ind2=" ">
   <subfield code="a">INST</subfield>
   <subfield code="b">UNIPILB</subfield>
   <subfield code="c">SERIALS</subfield>
   <subfield code="e">20100114</subfield>
   <subfield code="h">Αλφαβητική σειρά</subfield>
   <subfield code="p">66212</subfield>
   <subfield code="q">66212</subfield>
   <subfield code="t">NOLOAN</subfield>
   <subfield code="v">τομ.63;τεύχ.81:(Μήνας)Νοέμβριος;(Έτος)2009</subfield>
   <subfield code="y">23</subfield>
  </datafield>
  <datafield tag="852" ind1=" " ind2=" ">
   <subfield code="a">INST</subfield>
   <subfield code="b">UNIPILB</subfield>
   <subfield code="c">SERIALS</subfield>
   <subfield code="e">20100114</subfield>
   <subfield code="h">Αλφαβητική σειρά</subfield>
   <subfield code="p">66213</subfield>
   <subfield code="q">66213</subfield>
   <subfield code="t">NOLOAN</subfield>
   <subfield code="v">τομ.63;τεύχ.82:(Μήνας)Δεκέμβριος;(Έτος)2009</subfield>
   <subfield code="y">23</subfield>
  </datafield>
  <datafield tag="852" ind1=" " ind2=" ">
   <subfield code="a">INST</subfield>
   <subfield code="b">UNIPILB</subfield>
   <subfield code="c">SERIALS</subfield>
   <subfield code="e">20100208</subfield>
   <subfield code="h">Αλφαβητική σειρά</subfield>
   <subfield code="p">66711</subfield>
   <subfield code="q">66711</subfield>
   <subfield code="t">NOLOAN</subfield>
   <subfield code="v">τομ.64;τεύχ.83:(Μήνας)Ιανουάριος;(Έτος)2010</subfield>
   <subfield code="y">23</subfield>
  </datafield>
  <datafield tag="852" ind1=" " ind2=" ">
   <subfield code="a">INST</subfield>
   <subfield code="b">UNIPILB</subfield>
   <subfield code="c">SERIALS</subfield>
   <subfield code="e">20100419</subfield>
   <subfield code="h">Αλφαβητική σειρά</subfield>
   <subfield code="p">67926</subfield>
   <subfield code="q">67926</subfield>
   <subfield code="t">NOLOAN</subfield>
   <subfield code="v">τομ.64;τεύχ.84:(Μήνας)Φεβρουάριος;(Έτος)2010</subfield>
   <subfield code="y">23</subfield>
  </datafield>
  <datafield tag="852" ind1=" " ind2=" ">
   <subfield code="a">INST</subfield>
   <subfield code="b">UNIPILB</subfield>
   <subfield code="c">SERIALS</subfield>
   <subfield code="e">20100511</subfield>
   <subfield code="h">Αλφαβητική σειρά</subfield>
   <subfield code="p">68046</subfield>
   <subfield code="q">68046</subfield>
   <subfield code="t">NOLOAN</subfield>
   <subfield code="v">τομ.64;τεύχ.85:(Μήνας)Μάρτιος;(Έτος)2010</subfield>
   <subfield code="y">23</subfield>
  </datafield>
  <datafield tag="852" ind1=" " ind2=" ">
   <subfield code="a">INST</subfield>
   <subfield code="b">UNIPILB</subfield>
   <subfield code="c">SERIALS</subfield>
   <subfield code="e">20100617</subfield>
   <subfield code="h">Αλφαβητική σειρά</subfield>
   <subfield code="p">68478</subfield>
   <subfield code="q">68478</subfield>
   <subfield code="t">NOLOAN</subfield>
   <subfield code="v">τομ.64;τεύχ.86:(Μήνας)Απρίλιος;(Έτος)2010</subfield>
   <subfield code="y">23</subfield>
  </datafield>
  <datafield tag="852" ind1=" " ind2=" ">
   <subfield code="a">INST</subfield>
   <subfield code="b">UNIPILB</subfield>
   <subfield code="c">SERIALS</subfield>
   <subfield code="e">20100706</subfield>
   <subfield code="h">Αλφαβητική σειρά</subfield>
   <subfield code="p">69437</subfield>
   <subfield code="q">69437</subfield>
   <subfield code="t">NOLOAN</subfield>
   <subfield code="v">τομ.64;τεύχ.87:(Μήνας)Μάιος;(Έτος)2010</subfield>
   <subfield code="y">23</subfield>
  </datafield>
  <datafield tag="852" ind1=" " ind2=" ">
   <subfield code="a">INST</subfield>
   <subfield code="b">UNIPILB</subfield>
   <subfield code="c">SERIALS</subfield>
   <subfield code="e">20100909</subfield>
   <subfield code="h">Αλφαβητική σειρά</subfield>
   <subfield code="p">69788</subfield>
   <subfield code="q">69788</subfield>
   <subfield code="t">NOLOAN</subfield>
   <subfield code="v">τομ.64;τεύχ.88:(Μήνας)Ιούνιος;(Έτος)2010</subfield>
   <subfield code="y">23</subfield>
  </datafield>
  <datafield tag="852" ind1=" " ind2=" ">
   <subfield code="a">INST</subfield>
   <subfield code="b">UNIPILB</subfield>
   <subfield code="c">SERIALS</subfield>
   <subfield code="e">20100909</subfield>
   <subfield code="h">Αλφαβητική σειρά</subfield>
   <subfield code="p">69795</subfield>
   <subfield code="q">69795</subfield>
   <subfield code="t">NOLOAN</subfield>
   <subfield code="v">τομ.64;τεύχ.89:(Μήνες)Ιούλ./Αύγ.;(Έτος)2010</subfield>
   <subfield code="y">23</subfield>
  </datafield>
  <datafield tag="852" ind1=" " ind2=" ">
   <subfield code="a">INST</subfield>
   <subfield code="b">UNIPILB</subfield>
   <subfield code="c">SERIALS</subfield>
   <subfield code="e">20101129</subfield>
   <subfield code="h">Αλφαβητική σειρά</subfield>
   <subfield code="p">70680</subfield>
   <subfield code="q">70680</subfield>
   <subfield code="t">NOLOAN</subfield>
   <subfield code="v">τομ.64;τεύχ.91:(Μήνας)Οκτώβριος;(Έτος)2010</subfield>
   <subfield code="y">23</subfield>
  </datafield>
  <datafield tag="852" ind1=" " ind2=" ">
   <subfield code="a">INST</subfield>
   <subfield code="b">UNIPILB</subfield>
   <subfield code="c">SERIALS</subfield>
   <subfield code="e">20110111</subfield>
   <subfield code="h">Αλφαβητική σειρά</subfield>
   <subfield code="p">70767</subfield>
   <subfield code="q">70767</subfield>
   <subfield code="t">NOLOAN</subfield>
   <subfield code="v">τομ.64;τεύχ.92:(Μήνας)Νοέμβριος;(Έτος)2010</subfield>
   <subfield code="y">23</subfield>
  </datafield>
  <datafield tag="852" ind1=" " ind2=" ">
   <subfield code="a">INST</subfield>
   <subfield code="b">UNIPILB</subfield>
   <subfield code="c">SERIALS</subfield>
   <subfield code="e">20110201</subfield>
   <subfield code="h">Αλφαβητική σειρά</subfield>
   <subfield code="p">71033</subfield>
   <subfield code="q">71033</subfield>
   <subfield code="t">NOLOAN</subfield>
   <subfield code="v">τομ.64;τεύχ.93:(Μήνας)Δεκέμβριος;(Έτος)2010</subfield>
   <subfield code="y">23</subfield>
  </datafield>
  <datafield tag="852" ind1=" " ind2=" ">
   <subfield code="a">INST</subfield>
   <subfield code="b">UNIPILB</subfield>
   <subfield code="c">SERIALS</subfield>
   <subfield code="e">20110201</subfield>
   <subfield code="h">Αλφαβητική σειρά</subfield>
   <subfield code="p">71034</subfield>
   <subfield code="q">71034</subfield>
   <subfield code="t">NOLOAN</subfield>
   <subfield code="v">τομ.64;τεύχ.89-90:(Μήνες)Αύγ./Σεπ.;(Έτος)2010</subfield>
   <subfield code="y">23</subfield>
  </datafield>
  <datafield tag="852" ind1=" " ind2=" ">
   <subfield code="a">INST</subfield>
   <subfield code="b">UNIPILB</subfield>
   <subfield code="c">SERIALS</subfield>
   <subfield code="e">20110228</subfield>
   <subfield code="h">Αλφαβητική σειρά</subfield>
   <subfield code="p">71222</subfield>
   <subfield code="q">71222</subfield>
   <subfield code="t">NOLOAN</subfield>
   <subfield code="v">τομ.65;τεύχ.94:(Μήνας)Ιανουάριος;(Έτος)2011</subfield>
   <subfield code="y">23</subfield>
  </datafield>
  <datafield tag="852" ind1=" " ind2=" ">
   <subfield code="a">INST</subfield>
   <subfield code="b">UNIPILB</subfield>
   <subfield code="c">SERIALS</subfield>
   <subfield code="e">20110408</subfield>
   <subfield code="h">Αλφαβητική σειρά</subfield>
   <subfield code="p">71594</subfield>
   <subfield code="q">71594</subfield>
   <subfield code="t">NOLOAN</subfield>
   <subfield code="v">τομ.65;τεύχ.95:(Μήνας)Φεβρουάριος;(Έτος)2011</subfield>
   <subfield code="y">23</subfield>
  </datafield>
  <datafield tag="852" ind1=" " ind2=" ">
   <subfield code="a">INST</subfield>
   <subfield code="b">UNIPILB</subfield>
   <subfield code="c">SERIALS</subfield>
   <subfield code="e">20110616</subfield>
   <subfield code="h">Αλφαβητική σειρά</subfield>
   <subfield code="p">71954</subfield>
   <subfield code="q">71954</subfield>
   <subfield code="t">NOLOAN</subfield>
   <subfield code="v">τομ.65;τεύχ.96:(Μήνας)Μάρτιος;(Έτος)2011</subfield>
   <subfield code="y">23</subfield>
  </datafield>
  <datafield tag="852" ind1=" " ind2=" ">
   <subfield code="a">INST</subfield>
   <subfield code="b">UNIPILB</subfield>
   <subfield code="c">SERIALS</subfield>
   <subfield code="e">20110629</subfield>
   <subfield code="h">Αλφαβητική σειρά</subfield>
   <subfield code="p">72085</subfield>
   <subfield code="q">72085</subfield>
   <subfield code="t">NOLOAN</subfield>
   <subfield code="v">τομ.65;τεύχ.97:(Μήνας)Απρίλιος;(Έτος)2011</subfield>
   <subfield code="y">23</subfield>
  </datafield>
  <datafield tag="852" ind1=" " ind2=" ">
   <subfield code="a">INST</subfield>
   <subfield code="b">UNIPILB</subfield>
   <subfield code="c">SERIALS</subfield>
   <subfield code="e">20110715</subfield>
   <subfield code="h">Αλφαβητική σειρά</subfield>
   <subfield code="p">72293</subfield>
   <subfield code="q">72293</subfield>
   <subfield code="t">NOLOAN</subfield>
   <subfield code="v">τομ.65;τεύχ.98:(Μήνας)Μάιος;(Έτος)2011</subfield>
   <subfield code="y">23</subfield>
  </datafield>
  <datafield tag="852" ind1=" " ind2=" ">
   <subfield code="a">INST</subfield>
   <subfield code="b">UNIPILB</subfield>
   <subfield code="c">SERIALS</subfield>
   <subfield code="e">20110923</subfield>
   <subfield code="h">Αλφαβητική σειρά</subfield>
   <subfield code="p">72698</subfield>
   <subfield code="q">72698</subfield>
   <subfield code="t">NOLOAN</subfield>
   <subfield code="v">τομ.65;τεύχ.99:(Μήνας)Ιούνιος;(Έτος)2011</subfield>
   <subfield code="y">23</subfield>
  </datafield>
  <datafield tag="852" ind1=" " ind2=" ">
   <subfield code="a">INST</subfield>
   <subfield code="b">UNIPILB</subfield>
   <subfield code="c">SERIALS</subfield>
   <subfield code="e">20110923</subfield>
   <subfield code="h">Αλφαβητική σειρά</subfield>
   <subfield code="p">72700</subfield>
   <subfield code="q">72700</subfield>
   <subfield code="t">NOLOAN</subfield>
   <subfield code="v">τομ.65;τεύχ.100:(Μήνες)Ιούλ./Αύγ.;(Έτος)2011</subfield>
   <subfield code="y">23</subfield>
  </datafield>
  <datafield tag="852" ind1=" " ind2=" ">
   <subfield code="a">INST</subfield>
   <subfield code="b">UNIPILB</subfield>
   <subfield code="c">SERIALS</subfield>
   <subfield code="e">20111031</subfield>
   <subfield code="h">Αλφαβητική σειρά</subfield>
   <subfield code="p">73174</subfield>
   <subfield code="q">73174</subfield>
   <subfield code="t">NOLOAN</subfield>
   <subfield code="v">τομ.65;τεύχ.101:(Μήνας)Σεπτέμβριος;(Έτος)2011</subfield>
   <subfield code="y">23</subfield>
  </datafield>
  <datafield tag="852" ind1=" " ind2=" ">
   <subfield code="a">INST</subfield>
   <subfield code="b">UNIPILB</subfield>
   <subfield code="c">SERIALS</subfield>
   <subfield code="e">20111208</subfield>
   <subfield code="h">Αλφαβητική σειρά</subfield>
   <subfield code="p">73834</subfield>
   <subfield code="q">73834</subfield>
   <subfield code="t">NOLOAN</subfield>
   <subfield code="v">τομ.65;τεύχ.102:(Μήνας)Οκτώβριος;(Έτος)2011</subfield>
   <subfield code="y">23</subfield>
  </datafield>
  <datafield tag="852" ind1=" " ind2=" ">
   <subfield code="a">INST</subfield>
   <subfield code="b">UNIPILB</subfield>
   <subfield code="c">SERIALS</subfield>
   <subfield code="e">20120111</subfield>
   <subfield code="h">Αλφαβητική σειρά</subfield>
   <subfield code="p">73911</subfield>
   <subfield code="q">73911</subfield>
   <subfield code="t">NOLOAN</subfield>
   <subfield code="v">τομ.65;τεύχ.103:(Μήνας)Νοέμβριος;(Έτος)2011</subfield>
   <subfield code="y">23</subfield>
  </datafield>
  <datafield tag="852" ind1=" " ind2=" ">
   <subfield code="a">INST</subfield>
   <subfield code="b">UNIPILB</subfield>
   <subfield code="c">SERIALS</subfield>
   <subfield code="e">20120209</subfield>
   <subfield code="h">Αλφαβητική σειρά</subfield>
   <subfield code="p">74429</subfield>
   <subfield code="q">74429</subfield>
   <subfield code="t">NOLOAN</subfield>
   <subfield code="v">τομ.65;τεύχ.104:(Μήνας)Δεκέμβριος;(Έτος)2011</subfield>
   <subfield code="y">23</subfield>
  </datafield>
  <datafield tag="852" ind1=" " ind2=" ">
   <subfield code="a">INST</subfield>
   <subfield code="b">UNIPILB</subfield>
   <subfield code="c">SERIALS</subfield>
   <subfield code="e">20120209</subfield>
   <subfield code="h">Αλφαβητική σειρά</subfield>
   <subfield code="p">74430</subfield>
   <subfield code="q">74430</subfield>
   <subfield code="t">NOLOAN</subfield>
   <subfield code="v">τομ.65;τεύχ.105:(Μήνας)Ιανουάριος;(Έτος)2012</subfield>
   <subfield code="y">23</subfield>
  </datafield>
  <datafield tag="852" ind1=" " ind2=" ">
   <subfield code="a">INST</subfield>
   <subfield code="b">UNIPILB</subfield>
   <subfield code="c">SERIALS</subfield>
   <subfield code="e">20120426</subfield>
   <subfield code="h">Αλφαβητική σειρά</subfield>
   <subfield code="p">75320</subfield>
   <subfield code="q">75320</subfield>
   <subfield code="t">NOLOAN</subfield>
   <subfield code="v">τομ.65;τεύχ.106:(Μήνας)Φεβρουάριος;(Έτος)2012</subfield>
   <subfield code="y">23</subfield>
  </datafield>
  <datafield tag="852" ind1=" " ind2=" ">
   <subfield code="a">INST</subfield>
   <subfield code="b">UNIPILB</subfield>
   <subfield code="c">SERIALS</subfield>
   <subfield code="e">20120426</subfield>
   <subfield code="h">Αλφαβητική σειρά</subfield>
   <subfield code="p">75321</subfield>
   <subfield code="q">75321</subfield>
   <subfield code="t">NOLOAN</subfield>
   <subfield code="v">τομ.65;τεύχ.107:(Μήνας)Μάρτιος;(Έτος)2012</subfield>
   <subfield code="y">23</subfield>
  </datafield>
  <datafield tag="852" ind1=" " ind2=" ">
   <subfield code="a">INST</subfield>
   <subfield code="b">UNIPILB</subfield>
   <subfield code="c">SERIALS</subfield>
   <subfield code="e">20120530</subfield>
   <subfield code="h">Αλφαβητική σειρά</subfield>
   <subfield code="p">75613</subfield>
   <subfield code="q">75613</subfield>
   <subfield code="t">NOLOAN</subfield>
   <subfield code="v">τομ.65;τεύχ.108:(Μήνας)Απρίλιος;(Έτος)2012</subfield>
   <subfield code="y">23</subfield>
  </datafield>
  <datafield tag="852" ind1=" " ind2=" ">
   <subfield code="a">INST</subfield>
   <subfield code="b">UNIPILB</subfield>
   <subfield code="c">SERIALS</subfield>
   <subfield code="e">20120706</subfield>
   <subfield code="h">Αλφαβητική σειρά</subfield>
   <subfield code="p">76015</subfield>
   <subfield code="q">76015</subfield>
   <subfield code="t">NOLOAN</subfield>
   <subfield code="v">τομ.65;τεύχ.109:(Μήνας)Μάιος;(Έτος)2012</subfield>
   <subfield code="y">23</subfield>
  </datafield>
  <datafield tag="852" ind1=" " ind2=" ">
   <subfield code="a">INST</subfield>
   <subfield code="b">UNIPILB</subfield>
   <subfield code="c">SERIALS</subfield>
   <subfield code="e">20120903</subfield>
   <subfield code="h">Αλφαβητική σειρά</subfield>
   <subfield code="p">76364</subfield>
   <subfield code="q">76364</subfield>
   <subfield code="t">NOLOAN</subfield>
   <subfield code="v">τομ.65;τεύχ.110:(Μήνες)Ιούν./Ιούλ.;(Έτος)2012</subfield>
   <subfield code="y">23</subfield>
  </datafield>
  <datafield tag="852" ind1=" " ind2=" ">
   <subfield code="a">INST</subfield>
   <subfield code="b">UNIPILB</subfield>
   <subfield code="c">SERIALS</subfield>
   <subfield code="e">20121026</subfield>
   <subfield code="h">Αλφαβητική σειρά</subfield>
   <subfield code="p">76971</subfield>
   <subfield code="q">76971</subfield>
   <subfield code="t">NOLOAN</subfield>
   <subfield code="v">τομ.65;τεύχ.111:(Μήνες)Αυγ./Σεπτ.;(Έτος)2012</subfield>
   <subfield code="y">23</subfield>
  </datafield>
  <datafield tag="852" ind1=" " ind2=" ">
   <subfield code="a">INST</subfield>
   <subfield code="b">UNIPILB</subfield>
   <subfield code="c">SERIALS</subfield>
   <subfield code="e">20121122</subfield>
   <subfield code="h">Αλφαβητική σειρά</subfield>
   <subfield code="p">77138</subfield>
   <subfield code="q">77138</subfield>
   <subfield code="t">NOLOAN</subfield>
   <subfield code="v">τομ.65;τεύχ.112:(Μήνας)Οκτώβριος;(Έτος)2012</subfield>
   <subfield code="y">23</subfield>
  </datafield>
  <datafield tag="852" ind1=" " ind2=" ">
   <subfield code="a">INST</subfield>
   <subfield code="b">UNIPILB</subfield>
   <subfield code="c">SERIALS</subfield>
   <subfield code="e">20130123</subfield>
   <subfield code="h">Αλφαβητική σειρά</subfield>
   <subfield code="p">77567</subfield>
   <subfield code="q">77567</subfield>
   <subfield code="t">NOLOAN</subfield>
   <subfield code="v">τομ.65;τεύχ.113:(Μήνες)Νοεμ./Δεκ.;(Έτος)2012</subfield>
   <subfield code="y">23</subfield>
  </datafield>
  <datafield tag="852" ind1=" " ind2=" ">
   <subfield code="a">INST</subfield>
   <subfield code="b">UNIPILB</subfield>
   <subfield code="c">SERIALS</subfield>
   <subfield code="e">20130222</subfield>
   <subfield code="h">Αλφαβητική σειρά</subfield>
   <subfield code="p">78149</subfield>
   <subfield code="q">78149</subfield>
   <subfield code="t">NOLOAN</subfield>
   <subfield code="v">τομ.66;τεύχ.114:(Μήνας)Ιανουάριος;(Έτος)2013</subfield>
   <subfield code="y">23</subfield>
  </datafield>
  <datafield tag="900" ind1=" " ind2=" ">
   <subfield code="a">Τομ. 66 τχ. 115 (Φεβρουάριος 2013)</subfield>
   <subfield code="b">Οφειλόμενο</subfield>
   <subfield code="c">20/05/2013</subfield>
  </datafield>
  <datafield tag="900" ind1=" " ind2=" ">
   <subfield code="a">Τομ. 59 τχ. 35 (Σεπτέμβριος 2005)</subfield>
   <subfield code="b">Οφειλόμενο</subfield>
   <subfield code="c">07/03/2006</subfield>
  </datafield>
  <datafield tag="900" ind1=" " ind2=" ">
   <subfield code="a">Τομ. 60 τχ. 41 (Μάρτιος 2006)</subfield>
   <subfield code="b">Οφειλόμενο</subfield>
   <subfield code="c">08/08/2006</subfield>
  </datafield>
  <datafield tag="900" ind1=" " ind2=" ">
   <subfield code="a">Τομ. 60 τχ. 42 (Απρίλιος 2006)</subfield>
   <subfield code="b">Οφειλόμενο</subfield>
   <subfield code="c">07/09/2006</subfield>
  </datafield>
  <datafield tag="950" ind1=" " ind2=" ">
   <subfield code="a">01/01/2004</subfield>
   <subfield code="c">ΔΩΡΕΑ ΠΕΡΙΟΔΙΚΩΝ</subfield>
   <subfield code="d">16</subfield>
  </datafield>
  <datafield tag="951" ind1=" " ind2=" ">
   <subfield code="a">Τομ. 66 τχ. 114 (Ιανουάριος 2013)</subfield>
   <subfield code="b">Main run</subfield>
  </datafield>
  <datafield tag="951" ind1=" " ind2=" ">
   <subfield code="a">Τομ.34, τχ.2(Φεβρ. 1979) -  (τ.55, τχ.14-15(Μάρτ.-Απρίλ. 2001)</subfield>
   <subfield code="b">Main run</subfield>
  </datafield>
  <datafield tag="951" ind1=" " ind2=" ">
   <subfield code="a">Τομ.56, τχ.1(Αύγ. 2002) -  (τ.57, τχ.16(Δεκ. 2003)</subfield>
   <subfield code="b">Main run</subfield>
  </datafield>
  <datafield tag="951" ind1=" " ind2=" ">
   <subfield code="a">Τομ. 58 τχ. 17 (Ιανουάριος 2004)</subfield>
   <subfield code="b">Main run</subfield>
  </datafield>
  <datafield tag="951" ind1=" " ind2=" ">
   <subfield code="a">Τομ. 58 τχ. 18 (Φεβρουάριος 2004) - Τομ. 58 τχ. 22 (Ιούνιος 2004)</subfield>
   <subfield code="b">Main run</subfield>
  </datafield>
  <datafield tag="951" ind1=" " ind2=" ">
   <subfield code="a">Τομ. 59 τχ. 23 (Ιούλ./Αύγ. 2004)</subfield>
   <subfield code="b">Main run</subfield>
  </datafield>
  <datafield tag="951" ind1=" " ind2=" ">
   <subfield code="a">Τομ. 59 τχ. 24 (Σεπτέμβριος 2004) - Τομ. 59 τχ. 34 (Ιούλιος 2005)</subfield>
   <subfield code="b">Main run</subfield>
  </datafield>
  <datafield tag="951" ind1=" " ind2=" ">
   <subfield code="a">Τομ. 59 τχ. 36 (Οκτώβριος 2005) - Τομ. 59 τχ. 38 (Δεκέμβριος 2005)</subfield>
   <subfield code="b">Main run</subfield>
  </datafield>
  <datafield tag="951" ind1=" " ind2=" ">
   <subfield code="a">Τομ. 60 τχ. 39 (Ιανουάριος 2006) - Τομ. 60 τχ. 40 (Φεβρουάριος 2006)</subfield>
   <subfield code="b">Main run</subfield>
  </datafield>
  <datafield tag="951" ind1=" " ind2=" ">
   <subfield code="a">Τομ. 60 τχ. 43 (Μάϊος 2006) - Τομ. 60 τχ. 49 (Δεκέμβριος 2006)</subfield>
   <subfield code="b">Main run</subfield>
  </datafield>
  <datafield tag="951" ind1=" " ind2=" ">
   <subfield code="a">Τομ. 61 τχ. 50 (Ιανουάριος 2007) - Τομ. 61 τχ. 55 (Ιούνιος 2007)</subfield>
   <subfield code="b">Main run</subfield>
  </datafield>
  <datafield tag="951" ind1=" " ind2=" ">
   <subfield code="a">Τομ. 61 τχ. 56 (Ιούλ./Αύγ. 2007)</subfield>
   <subfield code="b">Main run</subfield>
  </datafield>
  <datafield tag="951" ind1=" " ind2=" ">
   <subfield code="a">Τομ. 61 τχ. 57 (Σεπτέμβριος 2007) - Τομ. 61 τχ. 60 (Δεκέμβριος 2007)</subfield>
   <subfield code="b">Main run</subfield>
  </datafield>
  <datafield tag="951" ind1=" " ind2=" ">
   <subfield code="a">Τομ. 62 τχ. 61 (Ιανουάριος 2008) - Τομ. 62 τχ. 66 (Ιούνιος 2008)</subfield>
   <subfield code="b">Main run</subfield>
  </datafield>
  <datafield tag="951" ind1=" " ind2=" ">
   <subfield code="a">Τομ. 62 τχ. 67 (Ιούλ./Αύγ. 2008)</subfield>
   <subfield code="b">Main run</subfield>
  </datafield>
  <datafield tag="951" ind1=" " ind2=" ">
   <subfield code="a">Τομ. 62 τχ. 68 (Σεπτέμβριος 2008) - Τομ. 62 τχ. 71 (Δεκέμβριος 2008)</subfield>
   <subfield code="b">Main run</subfield>
  </datafield>
  <datafield tag="951" ind1=" " ind2=" ">
   <subfield code="a">Τομ. 63 τχ. 72 (Ιανουάριος 2009) - Τομ. 63 τχ. 77 (Ιούνιος 2009)</subfield>
   <subfield code="b">Main run</subfield>
  </datafield>
  <datafield tag="951" ind1=" " ind2=" ">
   <subfield code="a">Τομ. 63 τχ. 78 (Ιούλ./Αύγ. 2009)</subfield>
   <subfield code="b">Main run</subfield>
  </datafield>
  <datafield tag="951" ind1=" " ind2=" ">
   <subfield code="a">Τομ. 63 τχ. 79 (Σεπτέμβριος 2009) - Τομ. 63 τχ. 82 (Δεκέμβριος 2009)</subfield>
   <subfield code="b">Main run</subfield>
  </datafield>
  <datafield tag="951" ind1=" " ind2=" ">
   <subfield code="a">Τομ. 64 τχ. 83 (Ιανουάριος 2010) - Τομ. 64 τχ. 88 (Ιούνιος 2010)</subfield>
   <subfield code="b">Main run</subfield>
  </datafield>
  <datafield tag="951" ind1=" " ind2=" ">
   <subfield code="a">Τομ. 64 τχ. 89 (Ιούλ./Αύγ. 2010)</subfield>
   <subfield code="b">Main run</subfield>
  </datafield>
  <datafield tag="951" ind1=" " ind2=" ">
   <subfield code="a">Τομ. 64 τχ. 89-90  (Αύγ./Σεπ. 2010)</subfield>
   <subfield code="b">Main run</subfield>
  </datafield>
  <datafield tag="951" ind1=" " ind2=" ">
   <subfield code="a">Τομ. 64 τχ. 91 (Οκτώβριος 2010) - Τομ. 64 τχ. 93 (Δεκέμβριος 2010)</subfield>
   <subfield code="b">Main run</subfield>
  </datafield>
  <datafield tag="951" ind1=" " ind2=" ">
   <subfield code="a">Τομ. 65 τχ. 94 (Ιανουάριος 2011) - Τομ. 65 τχ. 99 (Ιούνιος 2011)</subfield>
   <subfield code="b">Main run</subfield>
  </datafield>
  <datafield tag="951" ind1=" " ind2=" ">
   <subfield code="a">Τομ. 65 τχ. 100 (Ιούλ./Αύγ. 2011)</subfield>
   <subfield code="b">Main run</subfield>
  </datafield>
  <datafield tag="951" ind1=" " ind2=" ">
   <subfield code="a">Τομ. 65 τχ. 101 (Σεπτέμβριος 2011) - Τομ. 65 τχ. 109 (Μάϊος 2012)</subfield>
   <subfield code="b">Main run</subfield>
  </datafield>
  <datafield tag="951" ind1=" " ind2=" ">
   <subfield code="a">Τομ. 65 τχ. 110  (Ιούν./Ιούλ. 2012)</subfield>
   <subfield code="b">Main run</subfield>
  </datafield>
  <datafield tag="951" ind1=" " ind2=" ">
   <subfield code="a">Τομ. 65 τχ. 111  (Αυγ./Σεπτ. 2012)</subfield>
   <subfield code="b">Main run</subfield>
  </datafield>
  <datafield tag="951" ind1=" " ind2=" ">
   <subfield code="a">Τομ. 65 τχ. 112 (Οκτώβριος 2012)</subfield>
   <subfield code="b">Main run</subfield>
  </datafield>
  <datafield tag="951" ind1=" " ind2=" ">
   <subfield code="a">Τομ. 65 τχ. 113  (Νοεμ./Δεκ. 2012)</subfield>
   <subfield code="b">Main run</subfield>
  </datafield>
  <datafield tag="952" ind1=" " ind2=" ">
   <subfield code="a">34(4, 9, 10)1979, 35(4-10, 12)1980, 36(1-3, 5-12)1981, 37(1-3, 5-12)1982, 1983, 39(2)1984, 53(4-5)1998, 55(5-6)2000, 55(13 Μάϊος/Δεκ.)2001</subfield>
  </datafield>
 </record>
</collection>
